La cuestion juvenil en Costa Rica: reimpresión /

El presente trabajo pretende abordar la temática de la juventud en Costa Rica, así como sus aspectos más determinantes, en términos del acceso al trabajo, la educación, la reproducción social, condición de clase, participación política, entre otros característicos de este período de la vida. Dicho a...

Descripció completa

Guardat en:
Dades bibliogràfiques
Autor principal: Torres-Rivas, Edelberto
Format: Text
Matèries:
Etiquetes: Afegir etiqueta
Sense etiquetes, Sigues el primer a etiquetar aquest registre!

MARC

LEADER 00000 a a2200000 04500
001 40428
003
040
090 |a REV0229 (58) 1993  
100 |a Torres-Rivas, Edelberto  
245 |a La cuestion juvenil en Costa Rica:   |b reimpresión /  |c Edelberto Torres-Rivas 
500 |a También en número 9 (1987)  
520 |a El presente trabajo pretende abordar la temática de la juventud en Costa Rica, así como sus aspectos más determinantes, en términos del acceso al trabajo, la educación, la reproducción social, condición de clase, participación política, entre otros característicos de este período de la vida. Dicho abordaje, pretende realizarse desde una perspectiva integral, rompiendo con los esquemas explicativos reduccionistas y culpabilizantes de este grupo etario.  
590 |a SJB/MARZO2012  
650 |a JUVENTUD  
650 |a ESTRATIFICION SOCIAL  
650 |a TRABAJO  
650 |a EDUCACION  
650 |a PARTICIPACION POLITICA  
650 |a PARTICIPACION SOCIAL  
650 |a ESTADISTICAS DEMOGRAFICAS  
650 |a COSTA RICA  
773 |g número58 (1993), 88 páginas : tablas  
999 |c 21617  |d 21617